| 000 | 01304nam a22003017a 4500 | ||
|---|---|---|---|
| 001 | 7930 | ||
| 003 | FISKH | ||
| 005 | 20250814100323.0 | ||
| 008 | 250814b cb ||||| |||| 00| 0 eng d | ||
| 020 | _a9780746062005 | ||
| 040 |
_aFISKH _beng _cFISKH _dFISKH |
||
| 050 | _aPZ7 | ||
| 082 | _a823.914 | ||
| 100 | _aAmery, Heather | ||
| 245 |
_aDolly and the train / _cHeather Amery ; Illustrated by Stephen Cartwright ; Language consultant : Betty Root ; Series editor: Jenny Tyler |
||
| 250 | _aThis edition first published in 2004 | ||
| 260 |
_aLondon : _bUsborne, _c1999 |
||
| 300 |
_a15 unnumbered paages : _bcolor illustrations ; _c21 cm |
||
| 505 | _aG | ||
| 520 | _aCan Dolly the horse save the day when the old steam train breaks down? Young children will love finding out what happens in this charming short story, specially written for new readers.This simple story, set on Apple Tree Farm, is part of the Usborne Reading Programme - more than 300 books across seven levels, for children who are learning to read. With extra quizzes and activities at the end. | ||
| 521 | 8 |
_a420
_bLexile |
|
| 521 | 8 |
_aG
_bRaz-plus |
|
| 650 |
_2Transportation _aTrains |
||
| 650 |
_2Children's _aAnimals |
||
| 700 |
_aCartwright, Stephen _dillustrator |
||
| 942 |
_2ddc _cBK _n0 |
||
| 999 |
_c7930 _d7930 |
||